Đại cương ngôn ngữ học Tập 2
NV Ngữ dụng học
Zapisane w:
| 1. autor: | |
|---|---|
| Format: | Książka |
| Język: | Undetermined |
| Wydane: |
H.
Đại học Quốc gia Hà Nội
2009
|
| Hasła przedmiotowe: | |
| Dostęp online: | http://lrc.tdmu.edu.vn/opac/search/detail.asp?aID=2&ID=7541 |
| Etykiety: |
Dodaj etykietę
Nie ma etykietki, Dołącz pierwszą etykiete!
|
| Thư viện lưu trữ: | Trung tâm Học liệu Trường Đại học Thủ Dầu Một |
|---|
| LEADER | 00725nam a2200229Ia 4500 | ||
|---|---|---|---|
| 001 | TDMU_7541 | ||
| 008 | 210410s9999 xx 000 0 und d | ||
| 082 | |a 410 | ||
| 090 | |b Đ450 | ||
| 100 | |a Đỗ, Hữu Châu | ||
| 245 | 0 | |a Đại cương ngôn ngữ học | |
| 245 | 0 | |c Đỗ Hữu Châu | |
| 245 | 0 | |n Tập 2 | |
| 245 | 0 | |p Ngữ dụng học | |
| 260 | |a H. | ||
| 260 | |b Đại học Quốc gia Hà Nội | ||
| 260 | |c 2009 | ||
| 300 | |a 427 tr. | ||
| 520 | |a NV Ngữ dụng học | ||
| 650 | |a Ngôn ngữ học; Ngữ dụng học | ||
| 856 | |u http://lrc.tdmu.edu.vn/opac/search/detail.asp?aID=2&ID=7541 | ||
| 980 | |a Trung tâm Học liệu Trường Đại học Thủ Dầu Một | ||